| 000 | 00765nam a2200217 a 4500 | ||
|---|---|---|---|
| 005 | 20210223120741.0 | ||
| 008 | 991125s1978 bar 000 0 spa u | ||
| 020 | _a8425208971 | ||
| 035 | _aUPN01000006679 | ||
| 049 | _aCG | ||
| 050 | 4 |
_aNE2062.5 G6 _bL3.2 |
|
| 100 | 1 |
_aGoya y Lucientes, Francisco de, _d1746-1828 |
|
| 245 | 1 | 4 |
_aLos caprichos de Goya / _cFrancisco José de Goya y Lucientes ; introd. y catálogo crítico de Enrique Lafuente Ferrari |
| 260 |
_aBarcelona, Esp. : _bG. Gili, _c1978 |
||
| 300 |
_a202 p. : _bil |
||
| 440 | 0 | _aPunto y línea | |
| 500 | _a"Esta edición reproduce las ochenta estampas de la primeraedición, más cuatro complementarias" | ||
| 600 | 1 | 4 |
_aGOYA, FRANCISCO, _d1746-1828 _910994 |
| 904 |
_aAC _b006679 |
||
| 905 | _aLibro | ||
| 999 |
_c6679 _d6679 |
||